Accurate Measurements of Output Characteristics and Detonations of Motorbike High-speed Racing Engine and Their Optimization at Actual Atmospheric Conditions and Combusted Mixture Composition

Vysokorýchlostné pretekárske motorky, výstupné charakteristiky strojov. Detonácie, klopanie motora, miera spaľovania, zloženie spaľovacej zmesi. Optimalizácia v aktuálnych atmosferických podmienkach. Experimentálny model a meracie prístroje. Experimentálne merania.

Uložené v:
Podrobná bibliografia
Hlavný autor: Puškár, Michal
Ďalší autori: Bigoš, Peter, Puškárová, Paula, 1985-
Médium: Kapitola
Jazyk:English
Predmet:
Tagy: Pridať tag
Žiadne tagy, Buďte prvý, kto otaguje tento záznam!

MARC

LEADER 00000nla a2200000 4500
001 0155049
005 20240502083348.3
041 0 |a eng 
044 |a GB 
245 1 0 |a Accurate Measurements of Output Characteristics and Detonations of Motorbike High-speed Racing Engine and Their Optimization at Actual Atmospheric Conditions and Combusted Mixture Composition  |c Michal Puškár, Peter Bigoš, Paula Puškárová 
520 |a Vysokorýchlostné pretekárske motorky, výstupné charakteristiky strojov. Detonácie, klopanie motora, miera spaľovania, zloženie spaľovacej zmesi. Optimalizácia v aktuálnych atmosferických podmienkach. Experimentálny model a meracie prístroje. Experimentálne merania. 
610 2 0 |a motocykle 
610 2 0 |a meranie 
610 2 0 |a prístroje meracie 
610 2 0 |a testy 
610 2 0 |a modely 
100 1 |a Puškár, Michal 
700 1 |a Bigoš, Peter 
700 1 |a Puškárová, Paula, 1985-